Derecho ambiental
Guardat en:
| Autor principal: | |
|---|---|
| Format: | Llibre |
| Idioma: | espanyol |
| Publicat: |
Santiago
AREMI
2004
|
| Matèries: | |
| Etiquetes: |
Afegir etiqueta
Sense etiquetes, Sigues el primer a etiquetar aquest registre!
|
MARC
| LEADER | 00000nam a2200000 a 4500 | ||
|---|---|---|---|
| 001 | UCL8654 | ||
| 003 | CL-VaPUC | ||
| 008 | 040702e20040000CL |||||||||||||||||spa|d | ||
| 020 | |a 9568217010 | ||
| 082 | 0 | 4 | |a 344.83046 |b KIT |2 21 |
| 100 | 0 | |a Kittsteiner Yovanini, Enrique |e author |9 486608 | |
| 245 | 1 | 0 | |a Derecho ambiental |
| 300 | |a 405 p | ||
| 942 | |c BK | ||
| 945 | |d 20040702 00:00:00 |a cmena | ||
| 260 | |a Santiago |b AREMI |c 2004 | ||
| 650 | 0 | |a Protección del medio ambiente |9 257626 | |
| 650 | 0 | |a Derecho constitucional |9 222588 | |
| 650 | 0 | |a Derecho civil |9 255013 | |
| 650 | 0 | |a Impacto ambiental |9 262796 | |
| 651 | 7 | |a CHILE |2 CL-VaPUC |9 486609 | |
| 583 | |a last modification |c 20040702 00:00:00 |k Rodrigo Vera | ||
| 999 | |c 309854 |d 309852 | ||
| 952 | |0 0 |1 0 |4 0 |6 344_830460000000000_KIT_2004 |7 0 |8 A |9 377635 |a BIBDER |b BIBDER |d 2019-11-21 |i 4033418 |o 344.83046 KIT 2004 |p 4033418 |r 2023-01-25 |w 2019-11-21 |y BK |k DER | ||